| 000 | 00487nam a2200145Ia 4500 | ||
|---|---|---|---|
| 008 | 230917s9999||||xx |||||||||||||| ||und|| | ||
| 040 |
_e167614 _aMAIN |
||
| 041 | _aEnglish | ||
| 082 | _a891.43172109 SR19:SA | ||
| 100 | _aसाहु, अभिय कुमार | ||
| 245 | 0 | _aरधुवीर सहाय और श्री कान्त शर्मा की कविता | |
| 260 |
_aदिल्ली _bसंजय _c2005 |
||
| 300 | _a110 पृ. p. | ||
| 942 | _cHN | ||
| 999 |
_c128691 _d128691 |
||